Seleção F.C. Barcelona Champions League 2024/2025 - Statistics

Estatísticas Gerais
  • Esse quiz foi jogado 200 vezes
  • A pontuação média é 17 de 24
Estatísticas das Respostas
Imagem Resposta % Correto
Ronald Araújo
93%
Pedri
92%
Frenkie de Jong
91%
Gavi
89%
Raphinha
89%
Alejandro Balde
88%
Jules Koundé
88%
Lamine Yamal
88%
Dani Olmo
83%
Pau Cubarsí
83%
Robert Lewandowski
83%
Ferran Torres
81%
Ansu Fati
80%
Andreas Christensen
77%
Iñigo Martínez
71%
Iñaki Peña
65%
Wojciech Szczęsny
65%
Eric García
64%
Fermín López
60%
Marc Casadó
55%
Gerard Martín
40%
Pablo Torre
36%
Pau Víctor
28%
Noah Darvich
6%
Nenhum quiz correspondente encontrado
Distribuição das Pontuações
Porcentagem de Pessoas com Cada Pontuação
Percentil de Números Respondidos
Sua Pontuação Histórica
Você não jogou esse quiz